000 00587nam a22001937a 4500
003 koha_MIRAKIL
005 20231213100324.0
008 231213b |||||||| |||| 00| 0 ||| d
020 _b978-9-75286430-6
040 _aTR-IsEVY
_btur
_cTR-IsEVY
082 _a911 İLÇ
100 _ahazırlayan Erdem Seçmen ; resimleyen Necdet Çatak.
245 0 _aİlçe ilçe çıkartmalarla İstanbul
260 _bBulut Yayıncılık,
_c2014
300 _a32 s.
650 _aİstanbul rehberi -- Haritalar.
650 _aMarmara Bölgesi -- İstanbul -- İl -- İlçe.
942 _2ddc
_cBK
999 _c18090
_d18090